| 000 | 00730nam a2200253 a 4500 | ||
|---|---|---|---|
| 001 | AC-000000130 | ||
| 005 | 20240925064447.0 | ||
| 008 | 050309s1989 000 eng d | ||
| 020 | _a9506022399 | ||
| 035 | _aUPN01000138082 | ||
| 049 | _aCG | ||
| 050 | 4 |
_aBF175 _bD6.6 |
|
| 100 | 1 | _aDor, Joël | |
| 245 | 1 | 3 |
_aEl padre y su función en psicoanálisis / _cJoël Dor ; tr. Irene Agoff. |
| 260 |
_aBuenos Aires : _bNueva Visión, _c1989. |
||
| 300 | _a106 p. | ||
| 440 | 0 | _aFreud-Lacan | |
| 534 |
_pTraducción de: _tLe pére et sa fonction en psychanalyse |
||
| 650 | 4 |
_aPsicoanálisis _91572 |
|
| 650 | 4 |
_aPadres e hijos _91360 |
|
| 650 | 0 |
_aRelación padres-hijos _91359 |
|
| 905 | _aLibro | ||
| 999 |
_c110233 _d110233 |
||